Cyclisme : Top 20 du Tour de Catalogne 2025 - Statistiques

Statistiques générales
  • Ce quiz a été pris 45 fois
    44 depuis la dernière actualisation
  • Le résultat moyen est 12 sur 20
Statistiques - réponses
Position Equipe Coureur % Correct
3eme Movistar Enric Mas
100%
1er RedBull - Bora-Hansgrohe Primoz Roglic
100%
2eme UAE Team Emirates Juan Ayuso
97%
5eme Bahrain Victorious Lenny Martinez
94%
4eme Soudal - Quick Step Mikel Landa
88%
7eme Ineos Grenadiers Egan Bernal
82%
10eme EF Education - Easy Post Richard Carapaz
73%
8eme Lotto Lennert Van Eetvelt
70%
9eme Visma Lease a Bike Simon Yates
70%
6eme Ineos Grenadiers Laurens De Plus
64%
12eme Jayco AlUla Ben O'Connor
58%
20eme XDS Astana Lorenzo Fortunato
52%
11eme Israel - Premier Tech Matthew Riccitello
48%
13eme XDS Astana Harold Martin Lopez
45%
15eme Lidl - Trek Juan Pedro Lopez
45%
16eme RedBull - Bora-Hansgrohe Giulio Pellizzari
39%
14eme Soudal - Quick Step William Junior Lecerf
30%
17eme Burgos BH José Manuel Diaz
24%
18eme XDS Astana Wouter Poels
24%
19eme Movistar Nairo Quintana
15%
Aucun quiz correspondant
Distribution des résultats
% des personnes avec chaque résultat
Percentile par nombre de réponses
Votre historique - résultats
Vous n’avez pas pris ce quiz depuis la dernière actualisation